| 000 | 00413nam a22001457a 4500 | ||
|---|---|---|---|
| 005 | 20231113112920.0 | ||
| 008 | 231113b |||||||| |||| 00| 0 eng d | ||
| 041 | _aEnglish | ||
| 082 | _a345.5 COM | ||
| 100 | _lEnglish | ||
| 245 |
_aCommentary on the Criminal Procedure Act / _cDu Toit et al. |
||
| 300 |
_biv, 358 pages ; _c27 cm. |
||
| 650 |
_aLegal practice _bLaw |
||
| 942 |
_cBK _6ALISON_BN_VRIES |
||
| 999 |
_c560 _d560 |
||